| 000 | 01131cam a2200313 a 4500 | ||
|---|---|---|---|
| 001 | 934029 | ||
| 003 | OSt | ||
| 005 | 20140310181631.0 | ||
| 008 | 830804r19831980nyu 000 0 eng | ||
| 010 | _a 83016375 | ||
| 020 |
_a0517427125 (Crown Publishers) _z0517427425 : _c$14.95 |
||
| 040 |
_aDLC _cDLC _dDLC |
||
| 050 | 0 | 0 |
_aPN 6281 _b.M478 1980 |
| 082 | 0 | 0 |
_aTR 808.88 _bM21 1980 |
| 100 | 1 |
_aMcKenzie, E. C. _91749 |
|
| 240 | 1 | 0 | _aMac's giant book of quips & quotes |
| 245 | 1 | 0 |
_a14,000 quips & quotes/ _cby E.C. McKenzie. |
| 260 |
_aNew York : _bGreenwich House : _bDistributed by Crown Publishers, _c1983, c1980. |
||
| 300 |
_a581 p. ; _c25 cm. |
||
| 521 | _aFaculty | ||
| 541 | _j1 | ||
| 562 | _eFor circulation. One copy available in the collection | ||
| 650 | 0 |
_aEpigrams, English. _91750 |
|
| 740 | 0 | _a14,000 quips and quotes for writers and speakers. | |
| 740 | 0 | _aFourteen thousand quips & quotes for writers & speakers. | |
| 856 | 4 | 2 |
_3Publisher description _uhttp://www.loc.gov/catdir/description/random043/83016375.html |
| 906 |
_a7 _bcbc _corignew _d1 _eocip _f19 _gy-gencatlg |
||
| 942 |
_2lcc _cBK-TR _kTR |
||
| 999 |
_c504 _d504 |
||